000 00353nam a2200133Ia 4500
008 240624s9999 xx 000 0 und d
041 _aeng
082 _a340 MIL
100 _aMILHAUPT CURTIS J
245 _aLAW AND CAPITALISM WHAT CORPORATE CRISES
260 _c2010
_aLondon
_bThe University of Chicago Press
300 _aBooks,2010
365 _c
_b25
999 _c21785
_d21785